000 00189 a2200097 4500
020 _a9780452286108
041 _aeng
100 _aNaylor, Clare
245 _aThe second assistant
942 _cBK
999 _c8426
_d8426